000 00286nam a22001337a 4500
008 170511b xxu||||| |||| 00| 0 eng d
020 _a9780538410827
041 _aeng
080 _212TH
_a34
100 _a15
101 _aSHJ
245 _aBUSINESS LAW
_cCLARKSON
942 _2udc
_cBK
999 _c13146
_d13146